000
00377nam a2200133Ia 4500
008
151001s9999||||xx |||||||||||||| ||und||
100
_a
अनिल सहस्त्रबुद्धे
245
_a
वावटळ
250
_a
1
260
_b
राजेंद्र प्रकाशन ठाणे
260
_c
1987
300
_a
169
365
_b
18
999
_c
969187
_d
969184